000 00227nam a22000977a 4500
003 OSt
008 210121b ||||| |||| 00| 0 eng d
100 _aSteen, Edwin B
_94903
245 _aAnatomy and physiology, Vol 2
942 _cBK
999 _c16789
_d16789